Marianela / (Registro nro. 10200)

Detalles MARC
000 -LEADER
fixed length control field 00707nam a22002897a 4500
001 - CONTROL NUMBER
control field 0077
003 - CONTROL NUMBER IDENTIFIER
control field DO-SdBNP
005 - DATE AND TIME OF LATEST TRANSACTION
control field 20180130145131.0
007 - PHYSICAL DESCRIPTION FIXED FIELD--GENERAL INFORMATION
fixed length control field 0077
008 - FIXED-LENGTH DATA ELEMENTS--GENERAL INFORMATION
fixed length control field 151102b 1986 sp |||| |||| 00| 0 spa d
020 ## - INTERNATIONAL STANDARD BOOK NUMBER
International Standard Book Number 9978800166
040 ## - CATALOGING SOURCE
Original cataloging agency BPMSU
Language of cataloging spa
Transcribing agency BPMSU
092 ## - LOCALLY ASSIGNED DEWEY CALL NUMBER (OCLC)
Classification number xxxxxxx
Item number xxxxxxx
100 10 - MAIN ENTRY--PERSONAL NAME
Personal name Pérez Galdós, Benito,
Dates associated with a name 1843-1920.
245 10 - TITLE STATEMENT
Title Marianela /
Statement of responsibility, etc. Benito Pérez Galdós.
250 ## - EDITION STATEMENT
Edition statement
260 ## - PUBLICATION, DISTRIBUTION, ETC. (IMPRINT)
Place of publication, distribution, etc. México :
Name of publisher, distributor, etc. Libresa,
Date of publication, distribution, etc. 1986.
300 ## - PHYSICAL DESCRIPTION
Extent 214 p. :
Other physical details il.;
Dimensions 22 cm.
490 ## - SERIES STATEMENT
Series statement
490 1# - SERIES STATEMENT
Series statement Atares
504 ## - BIBLIOGRAPHY, ETC. NOTE
Bibliography, etc
700 10 - ADDED ENTRY--PERSONAL NAME
Personal name
Relator term
830 #0 - SERIES ADDED ENTRY--UNIFORM TITLE
Uniform title Atares
942 ## - ADDED ENTRY ELEMENTS (KOHA)
Source of classification or shelving scheme Dewey Decimal Classification
Koha item type Libros
945 ## - LOCAL PROCESSING INFORMATION (OCLC)
a Inventariado, 2018 /LP
956 ## - LOCAL ELECTRONIC LOCATION AND ACCESS (OCLC)
Host name VMATEO
Access method 10
Materials specified 20160328
Linkage BPMSU
Field link and sequence number 0069
Existencias
Withdrawn status Lost status Source of classification or shelving scheme Damaged status Not for loan Collection code Home library Current library Date acquired Source of acquisition Total Checkouts Barcode Date last seen Price effective from Koha item type
    Dewey Decimal Classification     Colección General Biblioteca Pública Metropolitana Salomé Ureña Biblioteca Pública Metropolitana Salomé Ureña 05/23/2016 FUNDI   BPMSU16050426 05/23/2016 05/23/2016 Libros